000 00541nam a22001817a 4500
005 20251108164647.0
008 250721s1958 xx 000 0 ara d
082 1 4 _a520.9563/عبا
100 1 _aالعزاوي، عباس
245 1 0 _aتاريخ علم الفلك في العراق /
264 1 _aبغداد :
_bمطبعة المجمع العلمي العراقي،
_c1958.
300 _a427ص
650 1 7 _aعلم الفلك
650 1 7 _aتاريخ العراق
650 1 7 _aالتاريخ
942 _2ddc
_cBK
999 _c11196
_d11196